Васкулити на кожата (Запис номер 443867)
[ съкратено ]
| 000 -Лидер | |
|---|---|
| Контролно поле с фиксирана дължина | 01430nam a2200301 a 4500 |
| 003 - Код на организацията, давaща контролен номер | |
| Контролно поле | BLK |
| 005 - Дата и час на последна редакция | |
| Контролно поле | 20241105101220.0 |
| 008 - Елементи от данни с фиксирана дължина | |
| fixed length control field | 190204b bu ad||fr|||| 00| 0 bu d |
| 020 ## - Международен стандартен номер на книга ISBN | |
| Международен стандартен номер на книга ISBN | 978-619-91141-1-7 |
| 040 ## - Източник на каталожния запис | |
| Идентификатор на билиотеката - собственик на записа | BLK |
| 041 ## - Код за език | |
| Код за езика на текст/звукозапис или на отделно заглавие | Английски |
| Код за езика КДБФ | Български |
| 080 ## - УДК | |
| Текстов определител УДК | Дерматология. Кожни болести |
| УДК код - определител по УДК | 616.5 |
| УДК - код + определител | 616.5 |
| 100 1# - Редна дума - Автор | |
| Автор | Яковлиев, Пламен Христов |
| Дати, свързани с автора | 1961 - |
| Автор - информация (биография) | Лекар, алерголог |
| Авторска отговорност | първи автор |
| R(LIN) | 145305 |
| 139 ## - Редно поле | |
| Редна дума | Яковлиев, Пламен Христов |
| Авторски знак | Яковл - Я 36 |
| 245 ## - Сведения за заглавието | |
| Заглавие | Васкулити на кожата |
| Подзаглавни данни | Монография |
| Редно поле (дума) | Пламен Яковлиев ; послесл. Тодор Попов |
| 260 ## - Област на издателските данни | |
| 9 (RLIN) | 392213 |
| Място на издаване, разпространение и проч. | София, [т.е. Ст. Загора] |
| Име на издателя, разпространителя и проч. | Пламен Христов Яковлиев |
| Година на издаване | 2021 |
| 300 ## - Физическа характеристика | |
| Страници | 420 с. |
| Илюстрации и др. | с ил., табл. |
| Размери/Мащаб | 30 см |
| 380 ## - Жанр | |
| Жанр | Медицина |
| 500 ## - Общи забележки | |
| Забележка | Рецензия / Гриша Стефанов Матеев: с. 10-11<br/>Текст и на англ. ез.<br/>Библиогр.: с. 316-340. |
| 650 #0 - Допълнително описание по предмет – тема | |
| 9 (RLIN) | 249015 |
| Основно описание – тема или топоним | Кожни болести |
| 650 #7 - Допълнително описание по предмет – тема | |
| 9 (RLIN) | 150437 |
| Основно описание – тема или топоним | Васкулити - диагностика и лечение - наръчници и ръководства |
| 653 #7 - Ключова дума – ненормативна | |
| 9 (RLIN) | 190721 |
| Ключова дума | медицина |
| 700 ## - Други автори (авторска отговорност) | |
| 9 (RLIN) | 958 |
| Лично име | Попов, Тодор Александров |
| Автороска отговорност (Описва отношението между автора и произведението) | послесл. |
| 852 ## - Местоположение | |
| Форматна сигнатура | Цб ІІ |
| 999 ## - СИСТЕМНИ КОНТРОЛНИ НОМЕРА | |
| Koha biblionumber | 443867 |
| Koha biblioitemnumber | 443867 |
| 942 ## - АРТИКУЛИ | |
| Вид на библиотечния материал | Книги |
| Скрит в OPAC | Не |
| Периодичен библиозапис | Да |
| 944 ## - СЪЗДАВАНЕ И РЕДАКЦИЯ на ЗАПИСА | |
| Създаване/Редакция | Създаване |
| Дата на регистрацията/редакция | 2022-02-07 |
| Служител, извършил регистрацията/редакцията | 30560 |
| Статус, дата на статуса | Геновева Генчева |
| 999 ## - СИСТЕМНИ КОНТРОЛНИ НОМЕРА | |
| Koha biblioitemnumber | 328657 |
| Код за отписване | Код за изгубен артикул | Източник на класификационната схема | Код за повреда | Коз за рестрикции | Код за отдаване | Артикулен № | Име на библиотеката - собственик | Име на библиотеката, в която се намира в момента | Статус (Текущо местоположение) | Дата на вписване в системата | Местоположение - отдел | Цена в лева | Систематично азбучна сигнатура | Баркод | Цена в евро | Служебен тип на артикула |
|---|---|---|---|---|---|---|---|---|---|---|---|---|---|---|---|---|
| Не е изгубен | Universal Decimal Classification | Не е повреден | само за читалня | ползва се в читалня | 870674 | Регионална библиотека "Любен Каравелов" Русе | Регионална библиотека "Любен Каравелов" Русе | Хранилище | 2022-02-10 | Хранилище | 29.99 | Цб II 30587 | 120000864991 | 15.33 | Книги |